Patna Museum Catalogue: Terracottas and Metal Images (Record no. 216595)
[ view plain ]
| 000 -LEADER | |
|---|---|
| fixed length control field | 00657nam a22002297a 4500 |
| 005 - DATE AND TIME OF LATEST TRANSACTION | |
| control field | 20211012161901.0 |
| 008 - FIXED-LENGTH DATA ELEMENTS--GENERAL INFORMATION | |
| fixed length control field | 211012b ||||| |||| 00| 0 eng d |
| 040 ## - CATALOGING SOURCE | |
| Transcribing agency | AL |
| 041 ## - LANGUAGE CODE | |
| Language code of text/sound track or separate title | eng |
| 082 ## - DEWEY DECIMAL CLASSIFICATION NUMBER | |
| Edition number | 23 |
| Classification number | 721.044 |
| Item number | AKHP |
| 100 ## - MAIN ENTRY--PERSONAL NAME | |
| Personal name | Naseem Akthar Ed |
| 9 (RLIN) | 1267 |
| 245 ## - TITLE STATEMENT | |
| Title | Patna Museum Catalogue: Terracottas and Metal Images |
| 260 ## - PUBLICATION, DISTRIBUTION, ETC. | |
| Place of publication, distribution, etc. | Patna |
| Name of publisher, distributor, etc. | Patna Museum |
| Date of publication, distribution, etc. | 2001 |
| 300 ## - PHYSICAL DESCRIPTION | |
| Extent | xiv,241 p. |
| Other physical details | HB |
| Dimensions | 24x18 cm. |
| 365 ## - TRADE PRICE | |
| Price amount | 200.00 |
| Currency code | ₹ |
| Unit of pricing | 200.00 |
| Price effective from | 24-03-2021 |
| 650 ## - SUBJECT ADDED ENTRY--TOPICAL TERM | |
| Topical term or geographic name entry element | Architecture |
| 9 (RLIN) | 1268 |
| 650 ## - SUBJECT ADDED ENTRY--TOPICAL TERM | |
| Topical term or geographic name entry element | Terracotta |
| 9 (RLIN) | 1269 |
| 650 ## - SUBJECT ADDED ENTRY--TOPICAL TERM | |
| Topical term or geographic name entry element | Metal Sculpture |
| 9 (RLIN) | 1270 |
| 651 ## - SUBJECT ADDED ENTRY--GEOGRAPHIC NAME | |
| Geographic name | India Patna |
| 9 (RLIN) | 1271 |
| 700 ## - ADDED ENTRY--PERSONAL NAME | |
| Personal name | AKHTAR (Naseem) Ed |
| 9 (RLIN) | 1272 |
| 942 ## - ADDED ENTRY ELEMENTS (KOHA) | |
| Source of classification or shelving scheme | Dewey Decimal Classification |
| Koha item type | George Fernandes Collections |
| Withdrawn status | Lost status | Source of classification or shelving scheme | Damaged status | Not for loan | Collection code | Home library | Current library | Date acquired | Cost, normal purchase price | Total Checkouts | Full call number | Barcode | Date last seen | Cost, replacement price | Price effective from | Koha item type |
|---|---|---|---|---|---|---|---|---|---|---|---|---|---|---|---|---|
| Dewey Decimal Classification | Others | St Aloysius Library | St Aloysius Library | 03/24/2013 | 200.00 | 721.044 AKHP | GF00835 | 10/12/2021 | 200.00 | 03/24/2013 | George Fernandes Collections |